<?xml version="1.0" encoding="UTF-8"?>
<record
    xmlns:xsi="http://www.w3.org/2001/XMLSchema-instance"
    xsi:schemaLocation="http://www.loc.gov/MARC21/slim http://www.loc.gov/standards/marcxml/schema/MARC21slim.xsd"
    xmlns="http://www.loc.gov/MARC21/slim">

  <leader>02604nam a2200277 i 4500</leader>
  <controlfield tag="003">DO-SdBNP</controlfield>
  <controlfield tag="005">20250401110712.0</controlfield>
  <controlfield tag="007">ta</controlfield>
  <controlfield tag="008">210219b2011    dr |||||r|||| 001 0 spa d</controlfield>
  <datafield tag="020" ind1=" " ind2=" ">
    <subfield code="a">9789945447576</subfield>
  </datafield>
  <datafield tag="040" ind1=" " ind2=" ">
    <subfield code="a">DO-SdBNP</subfield>
    <subfield code="b">spa</subfield>
    <subfield code="c">BNPHU</subfield>
    <subfield code="e">rda</subfield>
  </datafield>
  <datafield tag="082" ind1=" " ind2="4">
    <subfield code="a">xxx</subfield>
    <subfield code="b">D618c</subfield>
    <subfield code="2">22</subfield>
  </datafield>
  <datafield tag="245" ind1="0" ind2="3">
    <subfield code="a">La diversidad cultural en Am&#xE9;rica, &#xC5;frica y el Caribe :</subfield>
    <subfield code="b">problem&#xE1;tica y perspectivas para su protecci&#xF3;n y promoci&#xF3;n /</subfield>
    <subfield code="c">coordinador, Jos&#xE9; G. Guerrero </subfield>
  </datafield>
  <datafield tag="264" ind1=" " ind2="4">
    <subfield code="a">Santo Domingo :</subfield>
    <subfield code="b">Editora Universitaria-UASD</subfield>
    <subfield code="c">&#xA9;2011.</subfield>
  </datafield>
  <datafield tag="300" ind1=" " ind2=" ">
    <subfield code="a">238 p&#xE1;ginas ;</subfield>
    <subfield code="c">22 cm</subfield>
  </datafield>
  <datafield tag="336" ind1=" " ind2=" ">
    <subfield code="a">texto</subfield>
    <subfield code="b">txt</subfield>
    <subfield code="2">rdacontent</subfield>
  </datafield>
  <datafield tag="337" ind1=" " ind2=" ">
    <subfield code="a">sin mediaci&#xF3;n</subfield>
    <subfield code="b">n</subfield>
    <subfield code="2">rdamedia</subfield>
  </datafield>
  <datafield tag="338" ind1=" " ind2=" ">
    <subfield code="a">volumen</subfield>
    <subfield code="b">nc</subfield>
    <subfield code="2">rdacarrier</subfield>
  </datafield>
  <datafield tag="500" ind1=" " ind2=" ">
    <subfield code="a">Coloquio internacional sobre la diversidad cultural y el desarrollo entre &#xC5;frica, Am&#xE9;rica, y el Caribe y su di&#xE1;spora: de la ratificaci&#xF3;n a la implementaci&#xF3;n de la Convenci&#xF3;n de la UNESCO sobre la protecci&#xF3;n y la promoci&#xF3;n de la diversidad de las expresiones culturales.</subfield>
  </datafield>
  <datafield tag="504" ind1=" " ind2=" ">
    <subfield code="a">Bibliograf&#xED;a : p&#xE1;ginas 221-224</subfield>
  </datafield>
  <datafield tag="505" ind1="2" ind2=" ">
    <subfield code="a">Introducci&#xF3;n--   </subfield>
    <subfield code="t">Discurso inaugural--</subfield>
    <subfield code="t">La UASD y la diversidad cultural-- </subfield>
    <subfield code="t">Problem&#xE1;tica etno-hist&#xF3;rica de la diversidad cultural--</subfield>
    <subfield code="t">La diversidad cultural en &#xC5;frica, Am&#xE9;rica y el Caribe.</subfield>
    <subfield code="t">Fuentes hist&#xF3;ricas de la diversidad cultural y problemas actuales ligados a la colonizaci&#xF3;n de &#xC5;frica negra--</subfield>
    <subfield code="t">Debate sobre esclavitud y cultura--</subfield>
    <subfield code="t">Diversidad cultural en el Caribe--</subfield>
    <subfield code="t">Identidad y sus matices en un Caribe afroamericano--</subfield>
    <subfield code="t">Migraciones intercoloniales de esclavos en el Caribe y procesos de identidad y solidaridad en comunidades de negros libres--</subfield>
    <subfield code="t">Est&#xE9;ticas afrocaribe&#xF1;as y la valoraci&#xF3;n de la diversidad--</subfield>
    <subfield code="t">Diversidad cultural en Jamaica y el Caribe ingl&#xE9;s--</subfield>
    <subfield code="t">Debate sobre las etnias africanas--</subfield>
    <subfield code="t">Diversidad cultural en Hait&#xED; y Rep&#xFA;blica Dominicana--</subfield>
    <subfield code="t">Diversidad cultural, Estados Unidos y la &#xE9;lite haitiana (1860-1898)--</subfield>
    <subfield code="t">Clases sociales, prejuicio y diversidad cultural en Santo Domingo-- </subfield>
    <subfield code="t">Migraci&#xF3;n, racismo e identidad en Santo Domingo--</subfield>
    <subfield code="t">Implementaci&#xF3;n de la convenci&#xF3;n de la diversidad cultural. el Estado y la convenci&#xF3;n de la diversidad cultural--</subfield>
    <subfield code="t">Panorama del patrimonio cultural inmaterial.</subfield>
    <subfield code="t">Diversidad cultural e investigaci&#xF3;n en Rep&#xFA;blica Dominicana--</subfield>
    <subfield code="t">Experiencias en la implementaci&#xF3;n de la convenci&#xF3;n de la diversidad cultural--</subfield>
    <subfield code="t">Debate sobre la diversidad cultural y su implementaci&#xF3;n--</subfield>
    <subfield code="t">Expositores seg&#xFA;n orden de ponencia.</subfield>
  </datafield>
  <datafield tag="590" ind1=" " ind2=" ">
    <subfield code="a">Inventariado, 2025/BT</subfield>
  </datafield>
  <datafield tag="700" ind1=" " ind2=" ">
    <subfield code="a">Guerrero , Jos&#xE9; G.,</subfield>
    <subfield code="e">coordinador</subfield>
    <subfield code="4">coord.</subfield>
    <subfield code="9">77864</subfield>
  </datafield>
  <datafield tag="710" ind1="2" ind2=" ">
    <subfield code="4">Universidad Aut&#xF3;noma de Santo Domingo (UASD)</subfield>
  </datafield>
  <datafield tag="942" ind1=" " ind2=" ">
    <subfield code="2">ddc</subfield>
    <subfield code="c">LBS1</subfield>
  </datafield>
  <datafield tag="952" ind1=" " ind2=" ">
    <subfield code="0">0</subfield>
    <subfield code="1">0</subfield>
    <subfield code="2">ddc</subfield>
    <subfield code="5">1</subfield>
    <subfield code="7">0</subfield>
    <subfield code="8">PD</subfield>
    <subfield code="a">BNPHU</subfield>
    <subfield code="b">BNPHU</subfield>
    <subfield code="c">CT</subfield>
    <subfield code="d">2018-12-06</subfield>
    <subfield code="e">Donado por Nieves L. Enutenio Rond&#xF3;n</subfield>
    <subfield code="l">0</subfield>
    <subfield code="o">BNPHU PD D618c</subfield>
    <subfield code="p">2021-0315</subfield>
    <subfield code="r">2021-02-19</subfield>
    <subfield code="w">2021-02-19</subfield>
    <subfield code="y">LBS1</subfield>
  </datafield>
  <datafield tag="952" ind1=" " ind2=" ">
    <subfield code="0">0</subfield>
    <subfield code="1">0</subfield>
    <subfield code="2">ddc</subfield>
    <subfield code="5">1</subfield>
    <subfield code="7">0</subfield>
    <subfield code="8">PD</subfield>
    <subfield code="a">BNPHU</subfield>
    <subfield code="b">BNPHU</subfield>
    <subfield code="c">CT</subfield>
    <subfield code="d">2025-04-01</subfield>
    <subfield code="e">Donado por Ilonka Nacidif Perdomo.</subfield>
    <subfield code="l">0</subfield>
    <subfield code="o">BNPHU PD D618c</subfield>
    <subfield code="p">2025-2306</subfield>
    <subfield code="r">2025-04-01</subfield>
    <subfield code="t">e.2</subfield>
    <subfield code="w">2025-04-01</subfield>
    <subfield code="y">LBS1</subfield>
  </datafield>
  <datafield tag="999" ind1=" " ind2=" ">
    <subfield code="c">49415</subfield>
    <subfield code="d">49415</subfield>
  </datafield>
</record>
